Gregorio Luperón : (Registro nro. 7348)

Detalles MARC
000 -LIDER
fixed length control field 01377nam a2200325 a 4500
001 - NÚMERO DE CONTROL
Identificador de número de control 000025299
003 - IDENTIFICACDOR DE NÚMERO DE CONTROL
control field DO-SdBNP
005 - DATE AND TIME OF LATEST TRANSACTION
control field 20171011094644.0
007 - CAMPOS FIJOS DE DESCRIPCIÓN FÍSICA
fixed length control field 000025299
008 - ELEMENTOS DE LONGITUD FIJA
fixed length control field 110214s2009 dr ac 000 0 spa d
020 ## - ISBN
International Standard Book Number 9993484903
040 ## - FUENTE DE CATALOGACIÓN
Agencia que crea de manera original el registro BPMSU
Idioma de catalogación spa
Agencia que realiza la transcripción BPMSU
082 #4 - NÚMERO DE CLASIFICACIÓN DECIMAL DE DEWEY
Classification number 923.1
Item number L965C
100 1# - ASIENTO PRINCIPAL -- NOMBRE PERSONAL
Nombre personal Cassá, Roberto
245 10 - MENCIÓN DE TITULO
Título Gregorio Luperón :
Subtítulo El guerrero de la libertad /
Mención de responsabilidad Roberto Cassá ; ilustraciones Ramiro Manzano.
260 ## - PUBLICACIÓN, DISTRIBUCIÓN, ETC. (PIE DE IMPRENTA)
Lugar de publicación, distribución, etc Santo Domingo :
Nombre del editor, distribuidor, etc. Tobogan,
Fecha de publicación, distribución, etc 2001
Fecha de impresión 2005 (reimpresión)
300 ## - DESCRIPCIÓN FÍSICA
Extensión 67 p. :
Otros detalles físicos il. ;
Dimensiones 21 cm.
490 1# - MENCIÓN DE SERIES
Mención de serie Biografías dominicanas Topogan
504 ## - NOTA DE BIBLIOGRAFÍA, ETC.
Bibliography, etc Bibliografía: p. 67
505 0# - NOTA DE CONTENIDO
Título Portaestandarte de la soberanía --
-- Breve anonimato del joven precoz --
-- De proscrito a rebelde --
-- General mambí --
-- Azul intransigente --
-- En búsqueda de la hegemonía --
-- Presidente provisional --
-- Dilemas ideológicos y gubernamentales --
-- La infructuosa búsqueda del equilibrio --
-- El guerrero vencido.
600 14 - ENCABEZAMIENTO DE MATERIA--NOMBRE PERSONAL
Nombre personal LUPERÓN, GREGORIO
Fechas asociadas con el nombre 1839-1897
651 #4 - ENCABEZAMIENTO DE MATERIA--NOMBRE GEOGRÁFICO
Nombre geográfico REPÚBLICA DOMINICANA
Subdivisión temática general BIOGRAFÍAS
651 #4 - ENCABEZAMIENTO DE MATERIA--NOMBRE GEOGRÁFICO
Nombre geográfico REPÚBLICA DOMINICANA
Subdivisión cronológica HISTORIA, 1865-1916
700 12 - ASIENTO SECUNDARIO -- NOMBRE PERSONAL
Nombre personal Manzano, Ramiro
Mención de responsabilidad il.
830 #0 - ASIENTO SECUNDARIO DE SERIE--TÍTULO UNIFORME
Título uniforme Biografías dominicanas Topogan
910 ## - VALIDACIÓN
Validación Validado. Control de calidad MFF
942 ## - ADDED ENTRY ELEMENTS (KOHA)
Source of classification or shelving scheme Dewey Decimal Classification
Koha item type Libros
945 ## - INFORMACIÓN DE PROCESAMIENTO LOCAL
Información de procesamiento local Título remanejado para BNPHU/ 2017 VM
956 ## - LOCAL ELECTRONIC LOCATION AND ACCESS (OCLC)
Nombre de host VMATEO
Número de acceso 10
Información de compresión 20110215
Inicio de sesión BPMSU
Procesador de solicitud 0069
Existencias
Withdrawn status Lost status Source of classification or shelving scheme Damaged status Not for loan Collection code Home library Current library Date acquired Total Checkouts Full call number Barcode Date last seen Price effective from Koha item type Copy number
    Dewey Decimal Classification     Colección Dominicana Biblioteca Pública Metropolitana Salomé Ureña Biblioteca Pública Metropolitana Salomé Ureña 02/05/2015   923.1 L965C BPMSU15041095 02/05/2015 02/05/2015 Libros  
    Dewey Decimal Classification     Colección Dominicana Biblioteca Pública Metropolitana Salomé Ureña Biblioteca Pública Metropolitana Salomé Ureña 02/05/2015   923.1 L965C BPMSU15041096 02/05/2015 02/05/2015 Libros ej. 2
    Dewey Decimal Classification     Colección Dominicana Biblioteca Pública Metropolitana Salomé Ureña Biblioteca Pública Metropolitana Salomé Ureña 02/05/2015   923.1 L965C BPMSU15041097 02/05/2015 02/05/2015 Libros ej. 3
    Dewey Decimal Classification     Colección Dominicana Biblioteca Pública Metropolitana Salomé Ureña Biblioteca Pública Metropolitana Salomé Ureña 02/05/2015   923.1 L965C BPMSU15041098 02/05/2015 02/05/2015 Libros ej. 4